UBT Library

"My Spirit at Rest in the North Country" (Zechariah 6.8) : (Record no. 998)

000 -LEADER
fixed length control field 00791nam a22001937a 4500
008 - FIXED-LENGTH DATA ELEMENTS--GENERAL INFORMATION
fixed length control field 150605b xxu||||| |||| 00| 0 eng d
020 ## - INTERNATIONAL STANDARD BOOK NUMBER
International Standard Book Number 9783631620267
020 ## - INTERNATIONAL STANDARD BOOK NUMBER
International Standard Book Number 3631620268
041 0# - LANGUAGE CODE
Language code of text/sound track or separate title eng
245 00 - TITLE STATEMENT
Title "My Spirit at Rest in the North Country" (Zechariah 6.8) :
Statement of responsibility, etc Hermann Michael Niemann, Matthias Augustin (eds./Hrsg.).
300 ## -
-- 288 f:
-- me il ;
-- 22 cm.
490 ## -
-- Beiträge zur Erforschung des Alten Testaments und des antiken Judentums,
-- Bd. 57
-- 0722-0790 ;
505 ## -
-- Index: f. 238-240
650 #0 -
-- Exegese.
650 #0 -
-- Shpjegim
700 1# -
-- Niemann, Hermann Michael.
700 1# -
-- Augustin, Matthias,
-- 1950-
942 ## - ADDED ENTRY ELEMENTS (KOHA)
Source of classification or shelving scheme
Item type Books
Holdings
Withdrawn status Lost status Source of classification or shelving scheme Damaged status Not for loan Collection code Permanent location Current location Shelving location Date acquired Total Checkouts Full call number Date last seen Price effective from Koha item type
          Koleksioni i përgjithshem UBT - Lipjan UBT - Lipjan Koleksioni i përgjithshem 06/05/2015   82.94 CHR 06/05/2015 06/05/2015 Books
UBT Library © 2015-2024. All rights reserved University Education for Business and Technology